000 00546nam a22001697a 4500
005 20251108164311.0
008 250721s1987 xx 000 0 ara d
082 1 4 _a796.407/دير
100 1 _aالديري، علي
245 1 0 _aأصول التمرينات الرياضيه و طرق تدريسها /
264 1 _aإربد :
_bدار الأمل للنشر و التوزيع،
_c1987.
300 _a270ص : مص
650 1 7 _aالألعاب الرياضية
650 1 7 _aالتربية البدنية
942 _2ddc
_cBK
999 _c8729
_d8729